000 00275nam a22001097a 4500
082 _a629.1324 PEN'B
100 _aPENROSE, HAROLD
_979096
245 _aBRITISH AVIATION THE GREAT WAR AND ARMISTICE 1915-1919
260 _aLONDON
_bPUTMAN
_c1969
300 _a620P
942 _cBK
999 _c584159
_d584159